Diagnóstico y tratamiento de la depresión en nivel primario de atención: Guía Metodológica.
محفوظ في:
| مؤلف مشترك: | |
|---|---|
| التنسيق: | كتاب |
| منشور في: |
Santiago, Chile:
Ministerio de Salud,
1998.
|
| سلاسل: | Serie MINSAL,
|
| الموضوعات: | |
| الوسوم: |
إضافة وسم
لا توجد وسوم, كن أول من يضع وسما على هذه التسجيلة!
|
MARC
| LEADER | 00000nam a22000007a 4500 | ||
|---|---|---|---|
| 003 | CL-VaPUC | ||
| 005 | 20240910110111.0 | ||
| 008 | 240822t1998 ||||| |||| 00| 0 eng d | ||
| 999 | |c 444497 |d 444495 | ||
| 040 | |c Pontificia Universidad Católica de Valparaíso | ||
| 082 | 7 | |a 616.8527 MIN 1998 |2 22 | |
| 110 | |9 525274 |a Ministerio de Salud de Chile |e autor | ||
| 245 | |a Diagnóstico y tratamiento de la depresión en nivel primario de atención: |b Guía Metodológica. | ||
| 260 | |a Santiago, Chile: |b Ministerio de Salud, |c 1998. | ||
| 300 | |a 70 páginas. | ||
| 490 | |a Serie MINSAL, |n 3. | ||
| 500 | |a c.1 donación memo Biblioteca de Educación 14 de agosto de 2024. | ||
| 583 | |c 20240822 |k Gabriela Rodríguez Cuevas | ||
| 650 | 0 | |9 308393 |a Salud mental | |
| 650 | 0 | |9 890781 |a Manual médico | |
| 650 | 0 | |9 334267 |a Depresión |x Tratamiento |x Diagnostico | |
| 650 | 0 | |9 410772 |a Salud primaria | |
| 942 | |2 ddc |c BK | ||
| 952 | |0 0 |1 0 |2 ddc |4 0 |6 616_852700000000000_MIN_1998 |7 0 |9 596361 |a BIBEDU |b BIBEDU |d 2024-08-22 |e Donación |i 5662463 |o 616.8527 MIN 1998 |p 5662463 |r 2024-08-22 |t 1 |w 2024-08-22 |y BK |k PSI | ||